Engineering mechanics: (Record no. 364568)
[ view plain ]
| 000 -LEADER | |
|---|---|
| fixed length control field | 00434nam a2200145Ia 4500 |
| 008 - FIXED-LENGTH DATA ELEMENTS--GENERAL INFORMATION | |
| fixed length control field | 201002s9999 xx 000 0 und d |
| 020 ## - INTERNATIONAL STANDARD BOOK NUMBER | |
| International Standard Book Number | 978-981-486-625-5 |
| 100 ## - MAIN ENTRY--PERSONAL NAME | |
| Personal name | Pytel, Andrew |
| 245 ## - TITLE STATEMENT | |
| Statement of responsibility, etc | Andrew Pytel, Jaan Kiusalaas |
| Title | Engineering mechanics: |
| Remainder of title | statics (metric edition)/ |
| 250 ## - EDITION STATEMENT | |
| Edition statement | 4th ed. |
| 260 ## - PUBLICATION, DISTRIBUTION, ETC. (IMPRINT) | |
| Place of publication, distribution, etc | Singapore: |
| Name of publisher, distributor, etc | CENGAGE |
| Date of publication, distribution, etc | 2019 |
| 300 ## - PHYSICAL DESCRIPTION | |
| Extent | xii, 587 pages |
| Dimensions | 25 cm. |
| 650 ## - SUBJECT ADDED ENTRY--TOPICAL TERM | |
| Topical term or geographic name as entry element | Mechanics, applied |
| 650 ## - SUBJECT ADDED ENTRY--TOPICAL TERM | |
| Topical term or geographic name as entry element | Statics |
| Withdrawn status | Lost status | Damaged status | Home library | Current library | Shelving location | Date acquired | Source of acquisition | Total Checkouts | Full call number | Barcode | Date last seen | Price effective from | Koha item type |
|---|---|---|---|---|---|---|---|---|---|---|---|---|---|
| Luxembourg Library | Luxembourg Library | High School Section | 10/02/2020 | Library Fund | TA 351 .P999 2019 | 20939 | 10/02/2020 | 10/02/2020 | Books |